| 000 | 00474nam a2200169 4500 | ||
|---|---|---|---|
| 001 | 136780 | ||
| 003 | ES-MaACL | ||
| 005 | 20230906195227.0 | ||
| 007 | t| | ||
| 008 | 070214s1951 sp r ||||1| spa d | ||
| 100 | 1 |
_aSaiz Barberá, Juan. _9101625 |
|
| 245 | 1 | 0 |
_aDe Descartes a Heidegger / _cJuan Saiz Barberá. |
| 250 | _a1ª ed. | ||
| 260 |
_aMadrid : _bEd. Iberoamericanas, _c1951. |
||
| 300 |
_aXIII, 493 p., 7 h. ; _c22 cm. |
||
| 852 |
_aES-MaACL _jC-11552 _bR.39672 |
||
| 999 |
_c136780 _d136780 |
||